[Event "Niort op-B"]
[Site "Niort"]
[Date "2002.09.28"]
[Round "1"]
[White "Chautemps, Alexandre"]
[Black "Bonn, Olivier"]
[Result "1-0"]
[WhiteElo "1700"]
[BlackElo "1420"]
[PlyCount "101"]
[EventDate "2002.09.28"]
[EventType "swiss"]
[EventRounds "6"]
[EventCountry "FRA"]
[SourceTitle "EXT 2004"]
[Source "ChessBase"]
[SourceDate "2003.11.25"]
[SourceVersion "1"]
[SourceVersionDate "2003.11.25"]
[SourceQuality "1"]

1. e4 e5 2. Bc4 Nf6 3. d3 h6 4. Nc3 Nc6 5. f4 d6 6. Nf3 Bg4 7. h3 Bxf3 8. Qxf3 Na5 9. 0-0 Nxc4 10. dxc4 Qd7 11. fxe5 dxe5 12. Nd5 Bc5+ 13. Kh1 Nxd5 14. cxd5 0-0-0 15. Qxf7 Qxf7 16. Rxf7 g5 17. Bd2 c6 18. c4 Rhf8 19. Raf1 Rxf7 20. Rxf7 Rd7 21. Rxd7 Kxd7 22. g4 Bd6 23. Kg2 c5 24. a3 b6 25. Kf3 a6 26. Ke2 Ke7 27. Kd3 Kf7 28. Kc2 Kg6 29. Bc3 h5 30. Bd2 hxg4 31. hxg4 Kf6 32. b4 Be7 33. Be3 Bd6 34. Kb3 Be7 35. Ka4 Bd6 36. bxc5 bxc5 37. Ka5 Be7 38. Kxa6 Bd6 39. Kb5 Be7 40. Bxc5 Bxc5 41. Kxc5 Ke7 42. Kc6 Kd8 43. a4 Kc8 44. a5 Kb8 45. d6 Kc8 46. a6 Kb8 47. a7+ Kxa7 48. d7 Kb8 49. d8Q+ Ka7 50. Qb6+ Ka8 51. Qb7# 1-0